| 000 | 00632nam a22001937a 4500 | ||
|---|---|---|---|
| 005 | 20150928115629.0 | ||
| 010 | _aENG-113660 | ||
| 020 |
_a9788189430306 _c250.00 |
||
| 035 | _aEN-97192 | ||
| 037 | _bDBAD/PUB | ||
| 082 | _a230.3 | ||
| 100 | _aYogananda, Paramhansa | ||
| 245 |
_aWhispers from eternity : _cby Paramhansa Yogananda ; edited by his direct disciple Swami Kriyananda _ba book of answered prayers / |
||
| 260 |
_aGurgaon _bAnanda Sangha Publications _c2008 |
||
| 270 |
_bGurgaon _aB-10/8, DLF Phase- I |
||
| 300 |
_a220p. _c21cm(pbk) |
||
| 700 | _aKriyananda, Swami | ||
| 942 |
_2ddc _cEN _mYOG _h230.3 |
||
| 999 |
_c95226 _d95226 |
||